000
00291nam a22001337a 4500
008
171208b xxu||||| |||| 00| 0 eng d
020
_a
9789211010848
041
_a
eng
080
_a
621
100
_a
27
101
_a
INXH
245
_a
WORLD 2004 ROBOTICS
_c
JOHNSTON, P
942
_2
udc
_c
BK
999
_c
38846
_d
38846